[Event "Rapid"]
[Site "Estonia Resort Hotel & Spa conference center, Pärnu, EE"]
[Date "2025.08.17"]
[Round "4"]
[White "Mayorau, Mikita"]
[Black "Olde, Grete"]
[Result "1/2-1/2"]
[Board "6"]
[WhiteFideId "13501720"]
[BlackFideId "4503104"]
[WhiteTitle "GM"]
[BlackTitle "WCM"]
[WhiteElo "2433"]
[BlackElo "2073"]
[WhiteTeam "POL"]
[BlackTeam "EST"]
[WhiteClock "0:00:15"]
[BlackClock "0:00:25"]
[Variant "Standard"]

1. d4 {[%clk 0:15:03]}  d5 {[%clk 0:15:05]} 2. Nf3 {[%clk 0:14:42]}  Nf6 {[%clk 0:15:04]} 3. e3 {[%clk 0:14:43]}  e6 {[%clk 0:14:58]} 4. Bd3 {[%clk 0:14:40]}  c5 {[%clk 0:14:42]} 5. c3 {[%clk 0:14:23]}  Nc6 {[%clk 0:14:35]} 6. O-O {[%clk 0:14:24]}  Bd6 {[%clk 0:13:55]} 7. Nbd2 {[%clk 0:14:24]}  O-O {[%clk 0:13:53]} 8. dxc5 {[%clk 0:14:24]}  Bxc5 {[%clk 0:13:51]} 9. e4 {[%clk 0:14:25]}  e5 {[%clk 0:12:57]} 10. exd5 {[%clk 0:14:18]}  Nxd5 {[%clk 0:12:20]} 11. Nc4 {[%clk 0:11:23]}  Bg4 {[%clk 0:10:19]} 12. Be4 {[%clk 0:11:09]}  Nf6 {[%clk 0:06:40]} 13. Qxd8 {[%clk 0:10:52]}  Raxd8 {[%clk 0:05:50]} 14. Bxc6 {[%clk 0:10:41]}  bxc6 {[%clk 0:05:52]} 15. Ncxe5 {[%clk 0:10:12]}  Bxf3 {[%clk 0:05:52]} 16. Nxf3 {[%clk 0:10:12]}  Ne4 {[%clk 0:05:12]} 17. Bf4 {[%clk 0:10:04]}  f5 {[%clk 0:04:37]} 18. Rae1 {[%clk 0:09:10]}  Bd6 {[%clk 0:04:14]} 19. Bc1 {[%clk 0:08:12]}  Rfe8 {[%clk 0:03:57]} 20. Be3 {[%clk 0:06:55]}  f4 {[%clk 0:03:30]} 21. Bd4 {[%clk 0:06:29]}  g5 {[%clk 0:02:51]} 22. Be5 {[%clk 0:06:03]}  Bxe5 {[%clk 0:02:19]} 23. Rxe4 {[%clk 0:06:03]}  Bf6 {[%clk 0:02:19]} 24. Rxe8+ {[%clk 0:05:48]}  Rxe8 {[%clk 0:02:21]} 25. Re1 {[%clk 0:05:30]}  Rb8 {[%clk 0:02:22]} 26. Re2 {[%clk 0:05:03]}  g4 {[%clk 0:02:06]} 27. Ne1 {[%clk 0:05:04]}  Rd8 {[%clk 0:01:59]} 28. Kf1 {[%clk 0:05:02]}  Rd1 {[%clk 0:01:19]} 29. Re4 {[%clk 0:04:49]}  Bg5 {[%clk 0:01:20]} 30. Ke2 {[%clk 0:02:59]}  Rb1 {[%clk 0:01:16]} 31. Rb4 {[%clk 0:01:59]}  Be7 {[%clk 0:01:09]} 32. Rb7 {[%clk 0:01:53]}  Bc5 {[%clk 0:01:07]} 33. Nd3 {[%clk 0:01:49]}  Bb6 {[%clk 0:01:09]} 34. a4 {[%clk 0:01:27]}  Ra1 {[%clk 0:00:58]} 35. Nxf4 {[%clk 0:01:16]}  Rxa4 {[%clk 0:01:00]} 36. Nd3 {[%clk 0:01:15]}  Re4+ {[%clk 0:00:59]} 37. Kd2 {[%clk 0:01:14]}  c5 {[%clk 0:00:50]} 38. Rb8+ {[%clk 0:00:58]}  Kg7 {[%clk 0:00:46]} 39. b3 {[%clk 0:00:46]}  c4 {[%clk 0:00:49]} 40. Rb7+ {[%clk 0:00:47]}  Kg8 {[%clk 0:00:50]} 41. bxc4 {[%clk 0:00:48]}  Rxc4 {[%clk 0:00:51]} 42. g3 {[%clk 0:00:31]}  Ra4 {[%clk 0:00:44]} 43. c4 {[%clk 0:00:23]}  Rxc4 {[%clk 0:00:43]} 44. Rb8+ {[%clk 0:00:14]}  Kg7 {[%clk 0:00:40]} 45. Rb7+ {[%clk 0:00:15]}  Kg8 {[%clk 0:00:40]} 46. Re7 {[%clk 0:00:13]}  Ra4 {[%clk 0:00:32]} 47. Rb7 {[%clk 0:00:12]}  Ra2+ {[%clk 0:00:31]} 48. Ke1 {[%clk 0:00:11]}  Ba5+ {[%clk 0:00:20]} 49. Kf1 {[%clk 0:00:12]}  Bb6 {[%clk 0:00:17]} 50. Ke1 {[%clk 0:00:11]}  Ba5+ {[%clk 0:00:15]} 51. Kf1 {[%clk 0:00:12]}  Ra3 {[%clk 0:00:11]} 52. Ne5 {[%clk 0:00:09]}  Bb6 {[%clk 0:00:09]} 53. Nxg4 {[%clk 0:00:11]}  Ra1+ {[%clk 0:00:07]} 54. Kg2 {[%clk 0:00:12]}  Ra2 {[%clk 0:00:09]} 55. h4 {[%clk 0:00:09]}  h5 {[%clk 0:00:09]} 56. Nf6+ {[%clk 0:00:07]}  Kf8 {[%clk 0:00:10]} 57. Ne4 {[%clk 0:00:11]}  Re2 {[%clk 0:00:09]} 58. Kf3 {[%clk 0:00:13]}  Rb2 {[%clk 0:00:10]} 59. Rh7 {[%clk 0:00:06]}  Rb3+ {[%clk 0:00:10]} 60. Kg2 {[%clk 0:00:06]}  Rb4 {[%clk 0:00:12]} 61. f3 {[%clk 0:00:08]}  Rb2+ {[%clk 0:00:14]} 62. Kf1 {[%clk 0:00:09]}  Rb3 {[%clk 0:00:15]} 63. Ke2 {[%clk 0:00:11]}  Rb2+ {[%clk 0:00:17]} 64. Kd3 {[%clk 0:00:12]}  Rb3+ {[%clk 0:00:19]} 65. Kc4 {[%clk 0:00:14]}  Rxf3 {[%clk 0:00:19]} 66. Rxh5 {[%clk 0:00:16]}  Re3 {[%clk 0:00:19]} 67. Kd5 {[%clk 0:00:18]}  a5 {[%clk 0:00:17]} 68. Rh6 {[%clk 0:00:19]}  Bc7 {[%clk 0:00:15]} 69. Rf6+ {[%clk 0:00:19]}  Kg7 {[%clk 0:00:16]} 70. Rf5 {[%clk 0:00:20]}  a4 {[%clk 0:00:15]} 71. Kd4 {[%clk 0:00:19]}  Bb6+ {[%clk 0:00:15]} 72. Kd5 {[%clk 0:00:21]}  a3 {[%clk 0:00:15]} 73. Rf1 {[%clk 0:00:16]}  Bc7 {[%clk 0:00:15]} 74. Rb1 {[%clk 0:00:15]}  Bxg3 {[%clk 0:00:12]} 75. Rg1 {[%clk 0:00:17]}  a2 {[%clk 0:00:14]} 76. Nxg3 {[%clk 0:00:17]}  a1=Q {[%clk 0:00:14]} 77. Nf5+ {[%clk 0:00:10]}  Kf6 {[%clk 0:00:16]} 78. Rxa1 {[%clk 0:00:12]}  Kxf5 {[%clk 0:00:17]} 79. Rh1 {[%clk 0:00:11]}  Kg6 {[%clk 0:00:16]} 80. h5+ {[%clk 0:00:13]}  Kh6 {[%clk 0:00:18]} 81. Kd4 {[%clk 0:00:15]}  Rg3 {[%clk 0:00:19]} 82. Ke4 {[%clk 0:00:17]}  Rg5 {[%clk 0:00:21]} 83. Kf4 {[%clk 0:00:19]}  Rxh5 {[%clk 0:00:23]} 84. Rxh5+ {[%clk 0:00:20]}  Kxh5 {[%clk 0:00:25]} 85. Ke4 {[%clk 0:00:15]} 1/2-1/2

[Event "Rapid"]
[Site "Estonia Resort Hotel & Spa conference center, Pärnu, EE"]
[Date "2025.08.17"]
[Round "4"]
[White "Raag, Ardi"]
[Black "Rychagov, Nikita"]
[Result "0-1"]
[Board "7"]
[WhiteFideId "4509269"]
[BlackFideId "4508394"]
[BlackTitle "CM"]
[WhiteElo "2119"]
[BlackElo "2361"]
[WhiteTeam "EST"]
[BlackTeam "EST"]
[WhiteClock "0:00:11"]
[BlackClock "0:00:41"]
[Variant "Standard"]

1. e4 {[%clk 0:15:05]}  e5 {[%clk 0:15:05]} 2. Nf3 {[%clk 0:15:07]}  Nc6 {[%clk 0:15:08]} 3. Bb5 {[%clk 0:15:09]}  a6 {[%clk 0:15:10]} 4. Ba4 {[%clk 0:15:11]}  Nf6 {[%clk 0:15:12]} 5. d3 {[%clk 0:15:13]}  b5 {[%clk 0:15:11]} 6. Bb3 {[%clk 0:15:15]}  Be7 {[%clk 0:15:13]} 7. O-O {[%clk 0:15:15]}  O-O {[%clk 0:15:06]} 8. Re1 {[%clk 0:15:01]}  d6 {[%clk 0:15:04]} 9. c3 {[%clk 0:15:02]}  Na5 {[%clk 0:15:04]} 10. Bc2 {[%clk 0:15:04]}  c5 {[%clk 0:15:07]} 11. Nbd2 {[%clk 0:15:02]}  Nc6 {[%clk 0:15:08]} 12. Nf1 {[%clk 0:14:58]}  h6 {[%clk 0:15:04]} 13. Ng3 {[%clk 0:14:27]}  Re8 {[%clk 0:14:59]} 14. a4 {[%clk 0:14:09]}  Bb7 {[%clk 0:13:38]} 15. Nf5 {[%clk 0:13:53]}  Bf8 {[%clk 0:13:40]} 16. N3h4 {[%clk 0:11:34]}  d5 {[%clk 0:13:37]} 17. Qf3 {[%clk 0:11:25]}  dxe4 {[%clk 0:10:23]} 18. dxe4 {[%clk 0:11:11]}  Re6 {[%clk 0:10:23]} 19. g4 {[%clk 0:08:03]}  Nh7 {[%clk 0:10:12]} 20. Qg3 {[%clk 0:06:55]}  c4 {[%clk 0:09:24]} 21. axb5 {[%clk 0:06:31]}  axb5 {[%clk 0:09:26]} 22. Rxa8 {[%clk 0:06:32]}  Bxa8 {[%clk 0:09:23]} 23. Rd1 {[%clk 0:05:04]}  Qf6 {[%clk 0:08:35]} 24. Nf3 {[%clk 0:03:34]}  Bb7 {[%clk 0:07:52]} 25. g5 {[%clk 0:02:30]}  hxg5 {[%clk 0:07:52]} 26. Nxg5 {[%clk 0:02:32]}  Nxg5 {[%clk 0:07:53]} 27. Bxg5 {[%clk 0:02:33]}  Qg6 {[%clk 0:07:55]} 28. Rd7 {[%clk 0:02:14]}  Bc8 {[%clk 0:07:29]} 29. Rc7 {[%clk 0:02:12]}  Re8 {[%clk 0:07:31]} 30. Be3 {[%clk 0:00:59]}  Bxf5 {[%clk 0:05:51]} 31. Qxg6 {[%clk 0:01:01]}  Bxg6 {[%clk 0:05:52]} 32. Rxc6 {[%clk 0:01:03]}  Rb8 {[%clk 0:05:41]} 33. f3 {[%clk 0:00:36]}  f6 {[%clk 0:05:30]} 34. Bc5 {[%clk 0:00:17]}  Bxc5+ {[%clk 0:05:13]} 35. Rxc5 {[%clk 0:00:15]}  Bf7 {[%clk 0:05:16]} 36. Kf2 {[%clk 0:00:08]}  b4 {[%clk 0:05:19]} 37. Bd1 {[%clk 0:00:05]}  Rd8 {[%clk 0:02:53]} 38. Be2 {[%clk 0:00:05]}  Rd2 {[%clk 0:02:56]} 39. cxb4 {[%clk 0:00:05]}  Rxb2 {[%clk 0:02:56]} 40. b5 {[%clk 0:00:07]}  Kh7 {[%clk 0:01:45]} 41. Kf1 {[%clk 0:00:08]}  Kh6 {[%clk 0:01:30]} 42. Rc7 {[%clk 0:00:04]}  Be6 {[%clk 0:01:26]} 43. b6 {[%clk 0:00:04]}  Rxb6 {[%clk 0:01:23]} 44. Bxc4 {[%clk 0:00:06]}  Rb1+ {[%clk 0:01:15]} 45. Ke2 {[%clk 0:00:08]}  Rc1 {[%clk 0:01:16]} 46. Kd3 {[%clk 0:00:11]}  Bxc4+ {[%clk 0:00:45]} 47. Rxc4 {[%clk 0:00:13]}  Rxc4 {[%clk 0:00:46]} 48. Kxc4 {[%clk 0:00:15]}  Kg5 {[%clk 0:00:48]} 49. Kd5 {[%clk 0:00:09]}  Kf4 {[%clk 0:00:51]} 50. Ke6 {[%clk 0:00:11]}  Kxf3 {[%clk 0:00:52]} 51. Kf7 {[%clk 0:00:13]}  Kxe4 {[%clk 0:00:52]} 52. Kxg7 {[%clk 0:00:15]}  Kf5 {[%clk 0:00:43]} 53. h4 {[%clk 0:00:11]}  Kg4 {[%clk 0:00:41]} 0-1

[Event "Rapid"]
[Site "Estonia Resort Hotel & Spa conference center, Pärnu, EE"]
[Date "2025.08.17"]
[Round "4"]
[White "Neiksans, Arturs"]
[Black "Valdats, Reinis"]
[Result "1-0"]
[Board "8"]
[WhiteFideId "11601388"]
[BlackFideId "11617578"]
[WhiteTitle "GM"]
[BlackTitle "FM"]
[WhiteElo "2514"]
[BlackElo "2221"]
[WhiteTeam "LAT"]
[BlackTeam "LAT"]
[WhiteClock "0:02:14"]
[BlackClock "0:00:04"]
[Variant "Standard"]

1. Nf3 {[%clk 0:15:03]}  c5 {[%clk 0:15:04]} 2. c4 {[%clk 0:15:03]}  Nc6 {[%clk 0:15:05]} 3. d4 {[%clk 0:15:02]}  cxd4 {[%clk 0:15:06]} 4. Nxd4 {[%clk 0:15:04]}  Nf6 {[%clk 0:15:08]} 5. Nc3 {[%clk 0:15:03]}  e6 {[%clk 0:15:09]} 6. a3 {[%clk 0:15:02]}  Be7 {[%clk 0:13:47]} 7. g3 {[%clk 0:14:47]}  O-O {[%clk 0:13:06]} 8. Bg2 {[%clk 0:14:46]}  Qb6 {[%clk 0:13:01]} 9. Be3 {[%clk 0:13:50]}  Qc7 {[%clk 0:11:49]} 10. O-O {[%clk 0:10:58]}  a6 {[%clk 0:11:38]} 11. Rc1 {[%clk 0:10:10]}  Nxd4 {[%clk 0:11:38]} 12. Bxd4 {[%clk 0:09:25]}  d6 {[%clk 0:10:23]} 13. Qb3 {[%clk 0:09:10]}  Nd7 {[%clk 0:09:02]} 14. Rfd1 {[%clk 0:07:32]}  Rb8 {[%clk 0:08:11]} 15. Ne4 {[%clk 0:06:53]}  Nc5 {[%clk 0:07:04]} 16. Qe3 {[%clk 0:05:49]}  b6 {[%clk 0:06:18]} 17. b4 {[%clk 0:05:41]}  Nxe4 {[%clk 0:06:18]} 18. Bxe4 {[%clk 0:05:42]}  e5 {[%clk 0:05:32]} 19. Ba1 {[%clk 0:05:28]}  Be6 {[%clk 0:05:10]} 20. Bd5 {[%clk 0:05:27]}  Bxd5 {[%clk 0:05:10]} 21. cxd5 {[%clk 0:05:29]}  Qd7 {[%clk 0:04:14]} 22. Rc6 {[%clk 0:05:30]}  Bd8 {[%clk 0:04:00]} 23. Qd3 {[%clk 0:05:23]}  f5 {[%clk 0:03:49]} 24. Qxa6 {[%clk 0:05:09]}  f4 {[%clk 0:03:49]} 25. Qd3 {[%clk 0:05:10]}  fxg3 {[%clk 0:02:37]} 26. hxg3 {[%clk 0:04:39]}  Rf6 {[%clk 0:02:34]} 27. Kg2 {[%clk 0:04:17]}  Be7 {[%clk 0:01:53]} 28. Rh1 {[%clk 0:04:11]}  h6 {[%clk 0:01:54]} 29. Bc3 {[%clk 0:04:02]}  Rbf8 {[%clk 0:01:48]} 30. f3 {[%clk 0:03:58]}  Bd8 {[%clk 0:01:41]} 31. Bd2 {[%clk 0:03:55]}  Qe8 {[%clk 0:01:31]} 32. Qe4 {[%clk 0:03:31]}  Qf7 {[%clk 0:01:17]} 33. a4 {[%clk 0:03:17]}  Qa7 {[%clk 0:00:41]} 34. a5 {[%clk 0:03:05]}  bxa5 {[%clk 0:00:41]} 35. bxa5 {[%clk 0:03:07]}  Qb7 {[%clk 0:00:35]} 36. Rb1 {[%clk 0:02:59]}  Qf7 {[%clk 0:00:25]} 37. a6 {[%clk 0:02:55]}  Qh5 {[%clk 0:00:11]} 38. Rh1 {[%clk 0:02:54]}  Qf7 {[%clk 0:00:09]} 39. Be3 {[%clk 0:02:53]}  Qd7 {[%clk 0:00:04]} 40. Rb1 {[%clk 0:02:39]}  Ba5 {[%clk 0:00:05]} 41. Rb7 {[%clk 0:02:33]}  Qe8 {[%clk 0:00:05]} 42. a7 {[%clk 0:02:34]}  Qa8 {[%clk 0:00:04]} 43. Rd7 {[%clk 0:02:19]}  Be1 {[%clk 0:00:04]} 44. Rcc7 {[%clk 0:02:17]}  Kh8 {[%clk 0:00:04]} 45. Qh7+ {[%clk 0:02:14]} 1-0

[Event "Rapid"]
[Site "Estonia Resort Hotel & Spa conference center, Pärnu, EE"]
[Date "2025.08.17"]
[Round "4"]
[White "Lapshun, Yury"]
[Black "Merivee, Romet-Renee"]
[Result "1-0"]
[Board "9"]
[WhiteFideId "2006960"]
[BlackFideId "4522540"]
[WhiteTitle "IM"]
[WhiteElo "2416"]
[BlackElo "2013"]
[WhiteTeam "USA"]
[BlackTeam "EST"]
[WhiteClock "0:00:11"]
[BlackClock "0:00:06"]
[Variant "Standard"]

1. b4 {[%clk 0:15:04]}  e5 {[%clk 0:14:35]} 2. a3 {[%clk 0:15:06]}  d5 {[%clk 0:14:30]} 3. Bb2 {[%clk 0:15:08]}  Bd6 {[%clk 0:14:31]} 4. e3 {[%clk 0:15:09]}  Nf6 {[%clk 0:14:31]} 5. c4 {[%clk 0:15:11]}  c6 {[%clk 0:14:28]} 6. Nf3 {[%clk 0:15:13]}  Qe7 {[%clk 0:14:31]} 7. Be2 {[%clk 0:15:08]}  O-O {[%clk 0:14:24]} 8. Nc3 {[%clk 0:15:07]}  Bg4 {[%clk 0:14:05]} 9. h3 {[%clk 0:15:00]}  Bh5 {[%clk 0:14:04]} 10. cxd5 {[%clk 0:14:25]}  cxd5 {[%clk 0:13:58]} 11. g4 {[%clk 0:14:15]}  Bg6 {[%clk 0:13:55]} 12. g5 {[%clk 0:14:17]}  Nfd7 {[%clk 0:09:31]} 13. Nxd5 {[%clk 0:13:55]}  Qd8 {[%clk 0:09:20]} 14. d3 {[%clk 0:13:35]}  Nc6 {[%clk 0:09:20]} 15. h4 {[%clk 0:13:21]}  e4 {[%clk 0:09:15]} 16. dxe4 {[%clk 0:13:23]}  Bxe4 {[%clk 0:09:17]} 17. Nc3 {[%clk 0:13:20]}  Bxf3 {[%clk 0:09:17]} 18. Bxf3 {[%clk 0:13:22]}  Nde5 {[%clk 0:08:41]} 19. Be2 {[%clk 0:13:01]}  Qe7 {[%clk 0:06:58]} 20. Nd5 {[%clk 0:12:11]}  Qe6 {[%clk 0:06:57]} 21. f4 {[%clk 0:11:40]}  Rad8 {[%clk 0:05:45]} 22. Qd2 {[%clk 0:07:08]}  Bxb4 {[%clk 0:05:12]} 23. axb4 {[%clk 0:07:09]}  Rxd5 {[%clk 0:05:14]} 24. Qc3 {[%clk 0:07:08]}  Rfd8 {[%clk 0:01:37]} 25. fxe5 {[%clk 0:06:21]}  Nxe5 {[%clk 0:01:19]} 26. e4 {[%clk 0:05:55]}  Rd4 {[%clk 0:01:14]} 27. Qxd4 {[%clk 0:04:20]}  Rxd4 {[%clk 0:01:16]} 28. Bxd4 {[%clk 0:04:22]}  Nc6 {[%clk 0:01:13]} 29. Bf2 {[%clk 0:02:39]}  Qxe4 {[%clk 0:01:14]} 30. Rh3 {[%clk 0:02:28]}  Nd4 {[%clk 0:01:03]} 31. Bxd4 {[%clk 0:02:11]}  Qxd4 {[%clk 0:01:04]} 32. Rb1 {[%clk 0:01:41]}  Qg1+ {[%clk 0:01:01]} 33. Bf1 {[%clk 0:01:43]}  Qg4 {[%clk 0:00:59]} 34. Rbb3 {[%clk 0:01:31]}  g6 {[%clk 0:00:57]} 35. b5 {[%clk 0:01:28]}  Kg7 {[%clk 0:00:48]} 36. Kf2 {[%clk 0:01:06]}  h6 {[%clk 0:00:36]} 37. Rbg3 {[%clk 0:01:00]}  Qd4+ {[%clk 0:00:36]} 38. Kg2 {[%clk 0:01:01]}  Qd2+ {[%clk 0:00:29]} 39. Kg1 {[%clk 0:01:00]}  Qd4+ {[%clk 0:00:29]} 40. Kh2 {[%clk 0:00:49]}  Qf2+ {[%clk 0:00:28]} 41. Bg2 {[%clk 0:00:44]}  hxg5 {[%clk 0:00:13]} 42. hxg5 {[%clk 0:00:43]}  a6 {[%clk 0:00:09]} 43. bxa6 {[%clk 0:00:31]}  bxa6 {[%clk 0:00:11]} 44. Rf3 {[%clk 0:00:32]}  Qc5 {[%clk 0:00:11]} 45. Rhg3 {[%clk 0:00:30]}  a5 {[%clk 0:00:10]} 46. Rd3 {[%clk 0:00:16]}  a4 {[%clk 0:00:07]} 47. Bd5 {[%clk 0:00:18]}  Qe7 {[%clk 0:00:04]} 48. Kh3 {[%clk 0:00:15]}  Qd7+ {[%clk 0:00:06]} 49. Kh2 {[%clk 0:00:17]}  Qa7 {[%clk 0:00:07]} 50. Rgf3 {[%clk 0:00:18]}  Qb8+ {[%clk 0:00:06]} 51. Kg2 {[%clk 0:00:16]}  Qb2+ {[%clk 0:00:07]} 52. Kh3 {[%clk 0:00:18]}  f6 {[%clk 0:00:07]} 53. gxf6+ {[%clk 0:00:16]}  Kf8 {[%clk 0:00:06]} 54. Be6 {[%clk 0:00:15]}  Qb6 {[%clk 0:00:05]} 55. Bg4 {[%clk 0:00:13]}  Qc5 {[%clk 0:00:04]} 56. f7 {[%clk 0:00:12]}  Qe7 {[%clk 0:00:06]} 57. Rde3 {[%clk 0:00:11]} 1-0

[Event "Rapid"]
[Site "Estonia Resort Hotel & Spa conference center, Pärnu, EE"]
[Date "2025.08.17"]
[Round "4"]
[White "Pidluznij, Gleb"]
[Black "Aalto, Patrik"]
[Result "1-0"]
[Board "10"]
[WhiteFideId "12817082"]
[BlackFideId "510726"]
[WhiteTitle "FM"]
[BlackTitle "FM"]
[WhiteElo "2317"]
[BlackElo "2151"]
[WhiteTeam "LTU"]
[BlackTeam "FIN"]
[WhiteClock "0:02:15"]
[BlackClock "0:02:28"]
[Variant "Standard"]

1. d4 {[%clk 0:15:03]}  Nf6 {[%clk 0:15:05]} 2. Nf3 {[%clk 0:15:04]}  e6 {[%clk 0:15:07]} 3. c4 {[%clk 0:14:58]}  d5 {[%clk 0:14:48]} 4. Nc3 {[%clk 0:14:59]}  Bb4 {[%clk 0:14:48]} 5. Qa4+ {[%clk 0:15:00]}  Nc6 {[%clk 0:14:50]} 6. a3 {[%clk 0:15:02]}  Be7 {[%clk 0:13:16]} 7. e3 {[%clk 0:15:03]}  O-O {[%clk 0:13:13]} 8. Qc2 {[%clk 0:15:03]}  Re8 {[%clk 0:12:19]} 9. b3 {[%clk 0:14:42]}  Nb8 {[%clk 0:11:32]} 10. Bd3 {[%clk 0:14:34]}  Nbd7 {[%clk 0:11:25]} 11. O-O {[%clk 0:14:05]}  c5 {[%clk 0:11:01]} 12. cxd5 {[%clk 0:11:09]}  exd5 {[%clk 0:10:56]} 13. Ne5 {[%clk 0:10:53]}  h6 {[%clk 0:08:49]} 14. f4 {[%clk 0:07:54]}  Qb6 {[%clk 0:06:45]} 15. Ne2 {[%clk 0:06:45]}  Bd6 {[%clk 0:05:46]} 16. Bb2 {[%clk 0:06:39]}  cxd4 {[%clk 0:05:46]} 17. Bxd4 {[%clk 0:05:46]}  Qc7 {[%clk 0:05:03]} 18. Nxd7 {[%clk 0:05:25]}  Bxd7 {[%clk 0:05:02]} 19. Qb2 {[%clk 0:05:07]}  Qd8 {[%clk 0:04:54]} 20. Rf3 {[%clk 0:04:12]}  Rc8 {[%clk 0:04:31]} 21. h3 {[%clk 0:03:50]}  Bc5 {[%clk 0:04:26]} 22. b4 {[%clk 0:03:35]}  Bxd4 {[%clk 0:04:25]} 23. Qxd4 {[%clk 0:03:34]}  a6 {[%clk 0:03:59]} 24. Rd1 {[%clk 0:03:32]}  Qe7 {[%clk 0:03:53]} 25. Ng3 {[%clk 0:03:08]}  Ne4 {[%clk 0:03:21]} 26. Bxe4 {[%clk 0:02:43]}  dxe4 {[%clk 0:03:19]} 27. Nh5 {[%clk 0:02:43]}  f6 {[%clk 0:02:37]} 28. Rg3 {[%clk 0:02:40]}  Rcd8 {[%clk 0:02:28]} 29. Qxf6 {[%clk 0:02:15]} 1-0

[Event "Rapid"]
[Site "Estonia Resort Hotel & Spa conference center, Pärnu, EE"]
[Date "2025.08.17"]
[Round "4"]
[White "Nissinen, Niilo Man"]
[Black "Keinanen, Toivo"]
[Result "1-0"]
[Board "11"]
[WhiteFideId "30950767"]
[BlackFideId "509825"]
[WhiteTitle "FM"]
[BlackTitle "IM"]
[WhiteElo "1941"]
[BlackElo "2526"]
[WhiteTeam "HKG"]
[BlackTeam "FIN"]
[WhiteClock "0:04:14"]
[BlackClock "0:05:04"]
[Variant "Standard"]

1. e4 {[%clk 0:15:04]}  e6 {[%clk 0:15:00]} 2. d4 {[%clk 0:15:00]}  d5 {[%clk 0:15:02]} 3. e5 {[%clk 0:15:01]}  c5 {[%clk 0:14:54]} 4. c3 {[%clk 0:15:02]}  Qb6 {[%clk 0:14:55]} 5. Nf3 {[%clk 0:15:00]}  Bd7 {[%clk 0:14:57]} 6. Bd3 {[%clk 0:14:57]}  Bb5 {[%clk 0:14:58]} 7. dxc5 {[%clk 0:14:56]}  Bxc5 {[%clk 0:14:38]} 8. b4 {[%clk 0:14:53]}  Bf8 {[%clk 0:14:40]} 9. Be3 {[%clk 0:14:46]}  Qa6 {[%clk 0:14:36]} 10. Bc2 {[%clk 0:14:43]}  Bd7 {[%clk 0:13:25]} 11. a4 {[%clk 0:14:25]}  Ne7 {[%clk 0:13:14]} 12. Bd3 {[%clk 0:13:34]}  Qc6 {[%clk 0:13:15]} 13. O-O {[%clk 0:13:23]}  Ng6 {[%clk 0:13:13]} 14. Na3 {[%clk 0:12:25]}  Qc7 {[%clk 0:12:32]} 15. Nb5 {[%clk 0:12:00]}  Bxb5 {[%clk 0:12:32]} 16. axb5 {[%clk 0:11:52]}  Nd7 {[%clk 0:12:23]} 17. Bd4 {[%clk 0:10:37]}  Be7 {[%clk 0:12:09]} 18. Re1 {[%clk 0:10:04]}  O-O {[%clk 0:11:50]} 19. h4 {[%clk 0:09:36]}  Nf4 {[%clk 0:10:44]} 20. Bf1 {[%clk 0:09:32]}  g6 {[%clk 0:10:00]} 21. Qd2 {[%clk 0:08:41]}  Nh5 {[%clk 0:09:53]} 22. Qh6 {[%clk 0:08:35]}  Ng7 {[%clk 0:09:28]} 23. Bd3 {[%clk 0:07:55]}  Rfe8 {[%clk 0:08:30]} 24. Re3 {[%clk 0:06:27]}  Nf8 {[%clk 0:07:31]} 25. Ng5 {[%clk 0:06:00]}  Bxg5 {[%clk 0:05:04]} 26. hxg5 {[%clk 0:04:59]}  Nf5 {[%clk 0:06:37]} 27. Bxf5 {[%clk 0:04:59]}  exf5 {[%clk 0:06:39]} 28. Bc5 {[%clk 0:04:40]}  Rxe5 {[%clk 0:05:04]} 29. Rxe5 {[%clk 0:04:14]} 1-0

[Event "Rapid"]
[Site "Estonia Resort Hotel & Spa conference center, Pärnu, EE"]
[Date "2025.08.17"]
[Round "5"]
[White "Meshkovs, Nikita"]
[Black "Fridman, Daniel"]
[Result "1-0"]
[Board "1"]
[WhiteFideId "11602740"]
[BlackFideId "11600454"]
[WhiteTitle "GM"]
[BlackTitle "GM"]
[WhiteElo "2552"]
[BlackElo "2561"]
[WhiteTeam "LAT"]
[BlackTeam "GER"]
[WhiteClock "0:02:47"]
[BlackClock "0:00:28"]
[Variant "Standard"]

1. Nf3 {[%clk 0:15:05]}  d5 {[%clk 0:15:04]} 2. e3 {[%clk 0:15:07]}  Nf6 {[%clk 0:15:05]} 3. c4 {[%clk 0:15:09]}  e6 {[%clk 0:15:06]} 4. b3 {[%clk 0:15:11]}  c5 {[%clk 0:15:06]} 5. Bb2 {[%clk 0:15:13]}  Nc6 {[%clk 0:15:07]} 6. cxd5 {[%clk 0:15:14]}  exd5 {[%clk 0:15:08]} 7. Nc3 {[%clk 0:15:16]}  Bd6 {[%clk 0:14:51]} 8. Rc1 {[%clk 0:15:15]}  O-O {[%clk 0:14:50]} 9. Na4 {[%clk 0:14:38]}  Nd7 {[%clk 0:13:08]} 10. Be2 {[%clk 0:13:26]}  Qe7 {[%clk 0:13:08]} 11. O-O {[%clk 0:13:03]}  Nb6 {[%clk 0:12:28]} 12. Nc3 {[%clk 0:12:10]}  a6 {[%clk 0:12:13]} 13. d4 {[%clk 0:11:43]}  Rd8 {[%clk 0:12:12]} 14. Ba3 {[%clk 0:08:38]}  cxd4 {[%clk 0:10:56]} 15. Bxd6 {[%clk 0:08:39]}  Rxd6 {[%clk 0:10:58]} 16. Nxd4 {[%clk 0:08:41]}  Be6 {[%clk 0:10:55]} 17. Bf3 {[%clk 0:07:39]}  Ne5 {[%clk 0:09:08]} 18. Nce2 {[%clk 0:07:26]}  Bd7 {[%clk 0:07:52]} 19. Nf4 {[%clk 0:06:46]}  Rh6 {[%clk 0:06:20]} 20. g3 {[%clk 0:05:30]}  Nxf3+ {[%clk 0:05:00]} 21. Qxf3 {[%clk 0:05:14]}  Qe4 {[%clk 0:05:00]} 22. Rc7 {[%clk 0:04:53]}  Rb8 {[%clk 0:04:58]} 23. Rfc1 {[%clk 0:04:40]}  Rd6 {[%clk 0:04:49]} 24. a4 {[%clk 0:04:28]}  g5 {[%clk 0:03:54]} 25. Nfe2 {[%clk 0:04:28]}  Na8 {[%clk 0:03:37]} 26. R7c5 {[%clk 0:04:23]}  h6 {[%clk 0:03:27]} 27. Qxe4 {[%clk 0:04:09]}  dxe4 {[%clk 0:03:28]} 28. Re5 {[%clk 0:04:09]}  Nb6 {[%clk 0:03:15]} 29. Nc3 {[%clk 0:04:00]}  Rc8 {[%clk 0:02:56]} 30. Rc2 {[%clk 0:03:45]}  Bh3 {[%clk 0:02:02]} 31. Rxe4 {[%clk 0:03:24]}  Nd7 {[%clk 0:01:48]} 32. f3 {[%clk 0:03:10]}  Nc5 {[%clk 0:01:36]} 33. Re5 {[%clk 0:02:59]}  f6 {[%clk 0:01:35]} 34. Rd5 {[%clk 0:02:47]}  Rcd8 {[%clk 0:00:28]} 1-0